A Budai Krónika

„Finita Bude anno Domini MCCCCLXXIII in vigilia penthecostes: per Andream Hess” – „Befejeződött Budán az Úr 1473. esztendejében Pünkösd előestéjén Hess András által”. A Budai Krónika ezen utolsó mondatával kezdődik a hazai nyomdászat története. A hetven levelet (ebből 133 nyomtatott lapot) tartalmaz...

Teljes leírás

Elmentve itt :
Bibliográfiai részletek
Szerző: Farkas Gábor Farkas
Dokumentumtípus: Cikk
Megjelent: 2012
Sorozat:Iskolakultúra 22 No. 11
Online Access:http://misc.bibl.u-szeged.hu/42038
LEADER 01215nab a2200181 i 4500
001 misc42038
005 20191106140528.0
008 180706s2012 hu o 0|| zxx d
022 |a 1215-5233 
040 |a SZTE Miscellanea Repozitórium  |b hun 
041 |a zxx 
100 1 |a Farkas Gábor Farkas 
245 1 2 |a A Budai Krónika  |h [elektronikus dokumentum] /  |c  Farkas Gábor Farkas 
260 |c 2012 
300 |a 103-112 
490 0 |a Iskolakultúra  |v 22 No. 11 
520 3 |a „Finita Bude anno Domini MCCCCLXXIII in vigilia penthecostes: per Andream Hess” – „Befejeződött Budán az Úr 1473. esztendejében Pünkösd előestéjén Hess András által”. A Budai Krónika ezen utolsó mondatával kezdődik a hazai nyomdászat története. A hetven levelet (ebből 133 nyomtatott lapot) tartalmazó kisfólió könyv tíz példányban maradt fenn a világon. Sok kérdés kapcsolódik a szöveghez, a könyvhöz, a nyomdászhoz és a megrendelőhöz. Némelyikre választ kaptunk az elmúlt évszázad neves régikönyves kutatóitól, de akad még elvarratlan szál az első magyar ősnyomda történetében. 
856 4 0 |u http://misc.bibl.u-szeged.hu/42038/1/EPA00011_Iskolakultura_2012-11_103-112.pdf  |z Dokumentum-elérés